000 00302nam a22001337a 4500
008 170412b xxu||||| |||| 00| 0 eng d
020 _a9780963621986
041 _aeng
080 _211 ED
_a618
100 _a10
101 _aSHM
245 _aMEDICATIONS MOTHER MILK
_cHALE.TH.W
942 _2udc
_cBK
999 _c10575
_d10575